Επιλόγος / Ετήσια Πολιτιστική Έκδοση (Record no. 2890)
[ view plain ]
| 000 -LEADER | |
|---|---|
| fixed length control field | 01472cam a22001934a 4500 |
| 005 - ΗΜΕΡΟΜΗΝΙΑ ΚΑΙ ΩΡΑ ΤΕΛΕΥΤΑΙΑΣ ΕΝΗΜΕΡΩΣΗΣ | |
| Πεδίο ελέγχου | 20250605163343.0 |
| 008 - FIXED-LENGTH DATA ELEMENTS--GENERAL INFORMATION | |
| Πεδίο ελέγχου σταθερού μήκους | 250528s ||||||||||||||||||||||||d |
| 035 ## - SYSTEM CONTROL NUMBER | |
| System control number | 17481 |
| 020 ## - ISBN | |
| ISBN | 17917328 |
| 040 ## - ΠΗΓΗ ΚΑΤΑΛΟΓΟΓΡΑΦΗΣΗΣ | |
| Φορέας πρωτότυπης καταλογογράφησης | MC Athens Campus Library |
| Γλώσσα καταλογογράφησης | Ελληνικά, Μοντέρνα (1453-) |
| Modifying agency | MC Athens Campus Library |
| Κανόνες περιγραφικής καταλογογράφησης | AACR2 |
| 245 1# - ΤΙΤΛΟΣ ΚΑΙ ΔΗΛΩΣΗ ΥΠΕΥΘΥΝΟΤΗΤΑΣ | |
| Τίτλος | Επιλόγος / Ετήσια Πολιτιστική Έκδοση |
| 260 ## - PUBLICATION, DISTRIBUTION, ETC. | |
| Name of publisher, distributor, etc. | Επιλογος, |
| Date of publication, distribution, etc. | 2012 |
| 300 ## - PHYSICAL DESCRIPTION | |
| Extent | 562 |
| 505 0# - FORMATTED CONTENTS NOTE | |
| Formatted contents note | Αφιέρωμα στον Γλύπτη Θόδωρο, Αφιέρωμα στον Σταύρο Ξαρχάκο, Αφιέρωμα στον Τίτο Πατρίκιο, Θέατρο, Μουσική, Χορός, Εικαστικά, Φωτογραφία, Κινηματογράφος, Φεστιβάλ, Αρχιτεκτονική, Γράμματα και Τέχνες, Κόμικ, Media, Πολιτιστική Πολιτική, Επέτειοι, Χρονολόγιο Θεατρικών Παραστάσεων. |
| 520 ## - SUMMARY, ETC. | |
| Summary, etc. | Αφιέρωμα στον Γλύπτη Θόδωρο, Αφιέρωμα στον Σταύρο Ξαρχάκο, Αφιέρωμα στον Τίτο Πατρίκιο, Θέατρο, Μουσική, Χορός, Εικαστικά, Φωτογραφία, Κινηματογράφος, Φεστιβάλ, Αρχιτεκτονική, Γράμματα και Τέχνες, Κόμικ, Media, Πολιτιστική Πολιτική, Επέτειοι, Χρονολόγιο Θεατρικών Παραστάσεων. |
| 942 ## - ADDED ENTRY ELEMENTS (KOHA) | |
| Koha item type | Books |
| Τύπος τεκμηρίου | Βιβλιοθήκη | Τρέχουσα τοποθεσία | Barcode | Αριθμός εισαγωγής | Ημερομηνία απόκτησης | Ταξιθετικό σύμβολο | Αριθμός αντιτύπου | Κατάσταση απόσυρσης | Κατάσταση χαμένου | Κατάσταση κατεστραμμένου | Μη δανεισμός | Σύνολο δανεισμών | Ημερομηνία τελευταίας εμφάνισης | Η τιμή ισχύει από |
|---|---|---|---|---|---|---|---|---|---|---|---|---|---|---|
| Books | MC Athens Campus Library | MC Athens Campus Library | 9780000028891 | 5731 | 05/06/2025 | 659.1 EPI | 1 | 05/06/2025 | 05/06/2025 |